Lo que está de Dios... (Record no. 168257)

MARC details
000 -LEADER
campo de control de longitud fija 00947nam a22001815i 4500
001 - NÚMERO DE CONTROL
campo de control 168257
003 - IDENTIFICADOR DE NÚMERO DE CONTROL
campo de control ES-MaACL
005 - FECHA Y HORA DE LA ÚLTIMA TRANSACCIÓN
campo de control 20230906213730.0
008 - DATOS DE LONGITUD FIJA--INFORMACIÓN GENERAL
campo de control de longitud fija 020304s1867 sp |||| | spa d
040 ## - FUENTE DE CATALOGACIÓN
Centro catalogador/agencia de origen CAM
Lengua de catalogación spa
Centro/agencia transcriptor CAM
100 1# - ENTRADA PRINCIPAL--NOMBRE DE PERSONA
Nombre de persona Zumel, Enrique.
9 (RLIN) 118492
245 10 - MENCIÓN DEL TÍTULO
Título Lo que está de Dios...
Resto del título : juguete cómico en tres actos y en verso /
Mención de responsabilidad, etc. original de Enrique Zumel.
260 ## - PUBLICACIÓN, DISTRIBUCIÓN, ETC.
Lugar de publicación, distribución, etc. Madrid :
Nombre del editor, distribuidor, etc. [s.n.],
Fecha de publicación, distribución, etc. 1867 (
Fabricante Imprenta de José Rodriguez)
300 ## - DESCRIPCIÓN FÍSICA
Extensión 84 p. ;
Dimensiones 20 cm.
500 ## - NOTA GENERAL
Nota general En port.: Representado por primera vez en el teatro del Príncipe, la noche del 9 de diciembre de 1867.
596 ## - NOTA AL PIE DE IMPRENTA
NOTA AL PIE DE IMPRENTA En verso de la port. consta: "... Galerias Dramática y Líricas de Gullon é Hidalgo ..."
852 ## - LOCALIZACIÓN
Ubicación ES-MaACL
Número de control de estantería F-8573(8)
Nota libre -- Enc. pasta española, falto de la enc. original
-- -- Dedicatoria ms. del autor a Gustavo Saínz [i.e. Saínz] Díez
-- -- Enc. en un vol. facticio formando parta de la Col. "Teatro español moderno" vol. 26
Holdings
Estatus retirado Estado de pérdida Estado de daño No para préstamo Colección Biblioteca de origen Biblioteca actual Ubicación en estantería Fecha de adquisición Total de préstamos Signatura topográfica completa Código de barras Visto por última vez Precio de reemplazo Tipo de ítem Koha
        Libros del s. XIX Biblioteca del Ateneo de Madrid Biblioteca del Ateneo de Madrid Sala Pecera Planta 2 17/01/2008   F-8573(8) 1176547 23/02/2023 23/02/2023 Libro impreso antiguo